000
00345nam a2200145Ia 4500
003
OSt
005
20240208123728.0
008
170524s9999 xx 000 0 und d
020
_a
8178083051
040
_c
IIMT UNIVERSITY
100
_a
GREEN- CR
245
0
_a
STRATEGIC HUMAN RESOURCE MANAGEMENT
260
_b
CONCEPT PUB. CO.
942
_2
ddc
_c
02
999
_c
7920
_d
7920